|
|
|
|
| LEADER |
00000nam0a2200000 4500 |
| 001 |
235529 |
| 005 |
20231101231416.0 |
| 020 |
|
|
|a RU
|b 84-16052
|
| 035 |
|
|
|a (RuTPU)RU\TPU\book\256666
|
| 090 |
|
|
|a 235529
|
| 100 |
|
|
|a 20130411d1984 m y0rusy5003 ca
|
| 101 |
0 |
|
|a rus
|
| 102 |
|
|
|a RU
|
| 105 |
|
|
|a a z 001zy
|
| 200 |
1 |
|
|a Нестационарные режимы перекачки нефтей и нефтепродуктов
|f П. И. Тугунов
|
| 210 |
|
|
|a Москва
|c Недра
|d 1984
|
| 215 |
|
|
|a 224 с.
|c ил.
|
| 320 |
|
|
|a Библиогр.: с. 221-223.
|
| 606 |
1 |
|
|a Нефтеперекачивающие станции
|2 stltpush
|3 (RuTPU)RU\TPU\subj\45715
|9 64907
|
| 610 |
1 |
|
|a нефтепродукты
|
| 610 |
1 |
|
|a магистральные нефтепроводы
|
| 610 |
1 |
|
|a трубопроводы
|
| 610 |
1 |
|
|a высокозастывающие нефтепродукты
|
| 610 |
1 |
|
|a окружающая среда
|
| 610 |
1 |
|
|a стационарные режимы
|
| 610 |
1 |
|
|a нестационарные режимы
|
| 610 |
1 |
|
|a эксплуатация
|
| 610 |
1 |
|
|a теплофизические свойства
|
| 610 |
1 |
|
|a реологические свойства
|
| 610 |
1 |
|
|a горячая перекачка
|
| 675 |
|
|
|a 622.692.4.05
|z rus
|
| 700 |
|
1 |
|a Тугунов
|b П. И.
|g Павел Иванович
|4 070
|
| 801 |
|
0 |
|a RU
|b RuMRKP
|c 19950704
|g psbo
|
| 801 |
|
1 |
|a RU
|b 63413507
|c 20130411
|
| 801 |
|
2 |
|a RU
|b 63413507
|c 20131101
|g RCR
|
| 942 |
|
|
|c BK
|